000
00320nam a22001457a 4500
008
210512b ||||| |||| 00| 0 eng d
020
_a
2900321861589
041
_a
eng
080
_2
5th
_a
611
082
_a
611
100
_a
6
101
_a
ANA
245
_a
Anatomy & Physiology
_c
Elaine N. Marieb
942
_2
udc
_c
BK
999
_c
57298
_d
57298